[Event "Campeonato de España Femenino 2007"]
[Site "Socuellamos ESP"]
[Date "2007.10.12"]
[Round "7.9"]
[White "Fidalgo Garcia, Sandra"]
[Black "Suarez Sanchez, Esperanza"]
[Result "0-1"]
[WhiteElo "2000"]
[BlackElo "1957"]
[PlyCount "56"]
[EventDate "2007.10.08"]
[EventType "swiss"]
[EventRounds "7"]
[EventCountry "ESP"]
[Source "lmi"]
[SourceDate "2007.10.08"]

1. d4 Nf6 2. Nf3 g6 3. Bg5 Bg7 4. e3 O-O 5. Bd3 d6 6. Nbd2 c6 7. c3 Re8 8. Qc2
e5 9. O-O-O Qc7 10. Bxf6 Bxf6 11. Rhg1 b5 12. g4 b4 13. dxe5 Bxe5 14. c4 d5 15.
h4 Nd7 16. h5 Nf8 17. hxg6 fxg6 18. Ng5 Re7 19. f4 Bf6 20. Ndf3 b3 21. axb3
Rxe3 22. cxd5 Qxf4 23. Kb1 Rxd3 24. Nxh7 Nxh7 25. Qxd3 Nf8 26. dxc6 Bxg4 27.
Qd5+ Kg7 28. Ne1 Qf5+ 0-1